000 00614nam a2200217Ia 4500
005 20220705100056.0
008 210716s2012 xx 000 0 und d
020 _a9788173716720
040 _cAIMIT LIBRARY
041 _aeng
082 _a005.762
_22
_bPUJA
100 _aPujari, Arun K.
_946966
245 _aData mining techniques /
_cBy Arun K Pujari.
250 _a2nd.
260 _aNew Delhi :
_bUniversities Press ,
_c2012.
300 _axi, 317p. ;
650 _aData warehousing
_946967
650 _aData mining
_946968
650 _aOther techniques
_946969
942 _2ddc
_cBK
_e2
_k005.762 PUJA
999 _c180836
_d180836